00000000cam 2200000zi 4500
0019.957132
003CaOODSP
00520251223110836
006m     o  d f      
007cr cn|||||||||
008251105m20202025oncao   o    f000 0 fre d
020 |a9780660796284
040 |aCaOODSP|bfre|erda|cCaOODSP
043 |an-cn---
0861 |aP29-065-017-2025F-PDF
24500|aCombinaisons pour passagers d'hélicoptère / |célaborée par l'Office des normes générales du Canada.
250 |a[Édition de décembre 2025].
264 1|aOttawa (Ontario) : |bOffice des normes générales du Canada : |bConseil canadien des normes, |cdécembre 2025.
264 4|c©2025
300 |a1 ressource en ligne (77 pages) : |billustrations, photographies.
336 |atexte|btxt|2rdacontent/fre
337 |ainformatique|bc|2rdamedia/fre
338 |aressource en ligne|bcr|2rdacarrier/fre
4901 |aNorme nationale du Canada ; |vCAN/CGSB-65.17-2020
500 |a« Confirmée décembre 2025. »
500 |a« Rectificatif no 1, août 2021. »
500 |aRemplace CAN/CGSB-65.17-2012.
500 |aPublié aussi en anglais sous le titre : Helicopter passenger transportation suit systems.
504 |aComprend des références bibliographiques.
520 |a« La présente norme vise principalement à décrire les exigences de rendement relatives à une combinaison pour passagers d'hélicoptère. La combinaison conforme à la présente norme devrait améliorer les possibilités de survie d'un passager d'hélicoptère pendant les premières heures de l'immersion en eau froide à la suite d'une évacuation d'urgence dans le cas où un hélicoptère se serait abîmé pendant un vol au-dessus de l'eau. La présente norme vise des combinaisons qui doivent être portées par des passagers d'hélicoptère pendant un vol au-dessus de l'eau lorsqu'une protection thermique pourrait être nécessaire » -- Introduction.
650 6|aHélicoptères|xSécurité|xMesures|xNormes|zCanada.
650 6|aHélicoptères|xÉquipement|xNormes|zCanada.
650 6|aCombinaisons de plongée|xNormes|zCanada.
7102 |aOffice des normes générales du Canada, |eorganisme de publication.
7102 |aConseil canadien des normes, |eorganisme de publication.
77508|tHelicopter passenger transportation suit systems / |w(CaOODSP)9.957131
795 |tCombinaisons pour passagers d'hélicoptère.|b[Édition de décembre 2020]|w(CaOODSP)9.894759
830#0|aNorme nationale du Canada ;|vCAN/CGSB-65.17-2020.|w(CaOODSP)9.504227
85640|qPDF|s7.21 Mo|uhttps://publications.gc.ca/collections/collection_2025/ongc-cgsb/P29-065-017-2025-fra.pdf
986 |aICS 13.340.10